| 000 | 01275cam a2200337 a 4500 | ||
|---|---|---|---|
| 999 |
_c332070 _d332070 |
||
| 001 | 12105039 | ||
| 003 | NUST | ||
| 005 | 20171109094836.0 | ||
| 008 | 000713s1999 enka b 001 0 eng d | ||
| 010 | _a 00269862 | ||
| 015 | _aGB99-48524 | ||
| 020 | _a0340676450 (pbk.) | ||
| 020 | _a0470236329 (Wiley) | ||
| 035 | _a(OCoLC)ocm41652200 | ||
| 040 |
_aEUN _cEUN _dUKM _dOIP _dDLC |
||
| 042 | _alccopycat | ||
| 050 | 0 | 0 |
_aTD365 _b.G73 1999 |
| 082 | 0 | 0 |
_a628.16 GRA _221 |
| 100 | 1 |
_aGray, N. F. _96217 |
|
| 245 | 1 | 0 |
_aWater technology : _ban introduction for scientists and engineers / _cN.F. Gray. |
| 260 |
_aLondon : _bArnold ; _aNew York : _bWiley, _c1999. |
||
| 300 |
_axi, 548 p. : _bill. ; _c25 cm. |
||
| 500 | _aH.B | ||
| 504 | _aIncludes bibliographical references and index. | ||
| 650 | 0 |
_aWater quality management. _94954 |
|
| 650 | 0 |
_aSewage disposal. _9392 |
|
| 650 | 0 |
_aFreshwater biology. _96218 |
|
| 650 | 0 |
_aWater quality biological assessment. _96219 |
|
| 856 | 4 | 2 |
_3Publisher description _uhttp://www.loc.gov/catdir/description/els031/00269862.html |
| 856 | 4 | 1 |
_3Table of contents _uhttp://www.loc.gov/catdir/toc/els031/00269862.html |
| 906 |
_a7 _bcbc _ccopycat _d2 _encip _f20 _gy-gencatlg |
||
| 942 |
_2ddc _cBK _kIESE |
||